Central Library OPAC University of Rajshahi

Red book of threatened amphibians and reptiles of Bangladesh / (Record no. 66676)

MARC details
000 -LEADER
fixed length control field 01432nam a2200361 a 4500
001 - CONTROL NUMBER
control field 66676
003 - CONTROL NUMBER IDENTIFIER
rucl marc code BD-RjUL
005 - DATE AND TIME OF LATEST TRANSACTION
control field 20211209081551.0
008 - FIXED-LENGTH DATA ELEMENTS--GENERAL INFORMATION
fixed length control field 010314s2000 bg ab b i001 0 eng
020 ## - INTERNATIONAL STANDARD BOOK NUMBER
International Standard Book Number 9847460043
035 ## - SYSTEM CONTROL NUMBER
System control number (BD-RjUL)66807
040 ## - CATALOGING SOURCE
Original cataloging agency DLC
Language of cataloging eng
Transcribing agency DLC
Modifying agency DLC
-- BD-RjUL
041 ## - LANGUAGE CODE
Language code of text/sound track or separate title eng
082 ## - DEWEY DECIMAL CLASSIFICATION NUMBER
Edition number 23
Classification number 591.6805492
Author mark and year HAR 2000
100 1# - MAIN ENTRY--PERSONAL NAME
Personal name Haque, M. Nazrul.
9 (RLIN) 197391
245 10 - TITLE STATEMENT
Title Red book of threatened amphibians and reptiles of Bangladesh /
Statement of responsibility, etc. text, M. Nazrul Haque ; research, M. Monirul H. Khan, Rashiduzzaman Ahmed, Nargis Banu Joarder ; editors, Md. Anwarul Islam, Mahmud-ul Ameen, Ainun Nishat.
246 30 - VARYING FORM OF TITLE
Title proper/short title Threatened amphibians and reptiles of Bangladesh
260 ## - PUBLICATION, DISTRIBUTION, ETC. (IMPRINT)
Place of publication, distribution, etc. Dhaka :
Name of publisher, distributor, etc. IUCN Bangladesh,
Date of publication, distribution, etc. 2000.
300 ## - PHYSICAL DESCRIPTION
Pagination xi, 95 p. :
Illustrations ill. ;
Size 26 cm.
500 ## - GENERAL NOTE
General note "IUCN--The World Conservation Union."
504 ## - BIBLIOGRAPHY, ETC. NOTE
Bibliography, etc Includes bibliographical references (p. 91-92) and index.
650 #0 - SUBJECT ADDED ENTRY--TOPICAL TERM
Topical term or geographic name as entry element Rare animals
Geographic subdivision Bangladesh.
9 (RLIN) 197392
Topical term or geographic name as entry element Reptiles
Geographic subdivision Bangladesh.
9 (RLIN) 197393
Topical term or geographic name as entry element Rare amphibians
Geographic subdivision Bangladesh.
9 (RLIN) 197394
700 1# - ADDED ENTRY--PERSONAL NAME
Personal name Khan, M. Monirul H.
Personal name Ahmed, Rashiduzzaman.
Personal name Joarder, Nargis Banu.
Personal name Islam, Md. Anwarul,
Dates associated with a name 1955-
Personal name Ameen, Mahmud-ul.
Personal name Nishat, Ainun.
710 2# - ADDED ENTRY--CORPORATE NAME
Corporate name or jurisdiction name as entry element IUCN--The World Conservation Union.
Subordinate unit Bangladesh Country Office.
9 (RLIN) 197400
942 ## - ADDED ENTRY ELEMENTS (KOHA)
Source of classification or shelving scheme Dewey Decimal Classification
Koha item type Books
Holdings
Lost status Source of classification or shelving scheme Damaged status Not for loan Collection code Permanent Location Current Location Shelving location Date acquired Source of acquisition Cost, normal purchase price Total Checkouts Full call number Date last seen Copy number Koha item type
  Dewey Decimal Classification   Not For Loan Non-fiction Central Library, University of Rajshahi Central Library, University of Rajshahi Reading Room 10/12/2001 N/A 0.00   591.6805492 HAR 2000 18/03/2017 C-1 Books
  Dewey Decimal Classification     Non-fiction Central Library, University of Rajshahi Central Library, University of Rajshahi   10/12/2001 Asia Foundation     591.6805492 HAR 2000 30/03/2017 C-2 Books
  Dewey Decimal Classification     Non-fiction Central Library, University of Rajshahi Central Library, University of Rajshahi   10/12/2001 I.U.C.N 0.00   591.6805492 HAR 2000 01/04/2017 C-3 Books